Di ṿelt fun Avrohom; (Record no. 31931)
[ view plain ]
| 000 -LEADER | |
|---|---|
| fixed length control field | 00744cam a22002291 4500 |
| 001 - CONTROL NUMBER | |
| control field | he 66001568 |
| 003 - CONTROL NUMBER IDENTIFIER | |
| control field | DLC |
| 005 - DATE AND TIME OF LATEST TRANSACTION | |
| control field | 20260227111441.0 |
| 008 - FIXED-LENGTH DATA ELEMENTS--GENERAL INFORMATION | |
| fixed length control field | 820628s1966 nyuabc b 000 0 yid |
| 010 ## - LIBRARY OF CONGRESS CONTROL NUMBER | |
| LC control number | he 66001568 |
| 035 ## - SYSTEM CONTROL NUMBER | |
| System control number | (OCoLC)8557494 |
| 040 ## - CATALOGING SOURCE | |
| Original cataloging agency | DLC |
| Transcribing agency | FHC |
| Modifying agency | FHC |
| -- | OCoLC |
| -- | DLC |
| 042 ## - AUTHENTICATION CODE | |
| Authentication code | premarc |
| 050 00 - LIBRARY OF CONGRESS CALL NUMBER | |
| Classification number | BS580.A3 |
| Item number | G7 |
| 100 1# - MAIN ENTRY--PERSONAL NAME | |
| Personal name | Grushkin, Hyman. |
| 245 13 - TITLE STATEMENT | |
| Title | Di ṿelt fun Avrohom; |
| Remainder of title | arkealagie, geshikhṭe, legende. |
| Statement of responsibility, etc. | [Fun] Ḥaym Grushḳin. |
| 260 ## - PUBLICATION, DISTRIBUTION, ETC. | |
| Place of publication, distribution, etc. | New York, |
| Name of publisher, distributor, etc. | Shulsinger, |
| Date of publication, distribution, etc. | 5726, 1966. |
| 300 ## - PHYSICAL DESCRIPTION | |
| Extent | 320 p. |
| Other physical details | illus., map, ports. |
| Dimensions | 24 cm. |
| 500 ## - GENERAL NOTE | |
| General note | Added t. p.: The world of Abraham. |
| 504 ## - BIBLIOGRAPHY, ETC. NOTE | |
| Bibliography, etc. note | "Arkealagishe oyfḳlerungen un bibliografie": p. [297]-320. |
| 600 00 - SUBJECT ADDED ENTRY--PERSONAL NAME | |
| Personal name | Abraham |
| Titles and other words associated with a name | (Biblical patriarch) |
No items available.